Curso de direito comercial (Record no. 137396)

MARC details
000 -LÍDER
campo de controle de tamanho fixo 00579 a2200181 4500
001 - NÚMERO DE CONTROLE
campo de controle 137396
020 ## - ISBN - INTERNATIONAL STANDARD BOOK NUMBER
ISBN - International Standard Book Number 9788530940164
040 ## - FONTE DA CATALOGAÇÃO
Instituição que transcreveu o registro Leonardo Da Vinci
082 ## - CDD - CLASSIFICAÇÃO DECIMAL DE DEWEY
Número de Classificação 346.07 M343c
Número do exemplar M343c
100 ## - ENTRADA PRINCIPAL--NOME PESSOAL
Nome pessoal MARTINS, Fran
245 ## - TÍTULO
Título Curso de direito comercial
250 ## - EDIÇÃO
Edição 35. ed
260 ## - PUBLICAÇÃO, DISTRIBUIÇÃO, ETC.
Nome do editor, distribuidor, etc. Forense
Data da publicação, distribuição, etc. 2012
Local de publicação, distribuição, etc. Rio de Janeiro
362 ## - DATAS DE PUBLICAÇÃO E/OU DESIGNAÇÃO SEQUENCIAL
Datas de publicação e/ou designação sequencial 20120000
500 ## - NOTA GERAL
Nota geral Edição revista, atualizada e ampliada por Carlos Henrique Abrão
697 ## - ENTRADA DE ASSUNTO LOCAL--ENTIDADE COLETIVA (RLIN)
Nome corporativo ou nome da jurisdição Direito comercial
-- Empresa comercial
-- Empresários
-- Microempresas
-- Sociedades empresárias
-- Fundo de comércio
-- FIPEN
942 ## - ELEMENTOS DE ENTRADA ADICIONADOS (KOHA)
Tipo de material Koha Livros
Holdings
Situação do descarte Situação das perdas Situação física Não pode ser emprestado Biblioteca de origem Biblioteca atual Data de aquisição Total de empréstimos Número de chamada completo Código de barras Data de último acesso Data do preço efetivo Tipo de material Koha
        Leonardo Da Vinci - Osasco Leonardo Da Vinci - Osasco 27/03/2024   346.07 M343c O015081 27/03/2024 27/03/2024 Livros
        Leonardo Da Vinci - Osasco Leonardo Da Vinci - Osasco 27/03/2024   346.07 M343c O015080 27/03/2024 27/03/2024 Livros